000 00797nam a2200217Ia 4500
003 GCL
005 20240530102035.0
008 140319s9999 xx 000 0 ara d
040 _aGCL /
_cGCL
082 0 4 _a347.07
_bع ط
100 1 _aعبدالحكم فوده
245 1 0 _a"الطعن بالتزوير فى المواد المدنية والجنائية دراسة تحليلية على ضوء احكام القضاء فى تسعين عاما""" /
_cعبدالحكم فوده
260 _a[S.N] :
_bمنشاة المعارف الاسلامية ،
_c1993
300 _a270 ص
490 _aالكتب القانونية
_v0
650 0 4 _aالقانون
650 0 4 _aالقانون المدنى
650 0 4 _aجرائم التزوير
650 0 4 _aالتزوير
942 _2ddc
_cBK
999 _c29357
_d29357